000 00568nam a2200229Ia 4500
003 OSt
005 20220918174628.0
006 a|||||r|||| 00| 0
007 ta
008 220917b |||||||| |||| 00| 0 eng d
024 _a13,211
037 _cTextual
040 _aARTS
_cARTS
_beng
041 _2eng
_aeng
082 _aN26, K3
100 _aBeier Ulli
245 0 _aAfrican mud sculpture
260 _aCambridge
_bCambridge University Press
_c1963
650 _aARTS
942 _hN26, K3
_cTEXL
_2CC
999 _c153978
_d153978